000 00671nam a2200205 i 4500
001 36727
003 ES-MaACL
005 20250805063237.0
007 t|
008 030219s1973 sp ||||1| spa d
100 1 _aBravo Morata, Federico
_931495
245 1 3 _aLa proclamación de la República /
_cFederico Bravo Morata.
260 _aMadrid :
_bFenicia,
_c[1973]
300 _a176 p. :
_bil. ;
_c18 cm.
490 1 _aColección España, España... ;
_v13
651 4 _aEspaña-
_xHistoria-
_y1931-1939, II República.
_98283
830 0 _aColección España, España... ;
_v13
_9181656
852 _aES-MaACL
_jC-55831
_bR.88614
999 _c36727
_d36727